LEADER 02208cam0-22007091i-450- 001 990001505810403321 005 20160205092235.0 010 $a88-7303-897-2 035 $a000150581 035 $aFED01000150581 035 $a(Aleph)000150581FED01 035 $a000150581 100 $a20030604d2003----km-y0itay50------ba 101 1 $aita$ceng 102 $aIT 105 $aa-------001yy 200 1 $aProbabilità e statistica per l'ingegneria e le scienze$fSheldon M. Ross$gedizione italiana a cura di Francesco Morandin 210 $aMilano$cApogeo$d[2003] 215 $aX, 580 p.$cill.$d24 cm 225 1 $aIdee & strumenti 454 0$12001$aIntroduction to probability and statistics for engineers and scientists$914493 610 0 $aStatistica matematica 610 0 $aStatistica 610 0 $aProbabilità$aStatistica 676 $a519.2 700 1$aRoss,$bSheldon M.$020432 702 1$aMorandin,$bFrancesco 801 0$aIT$bUNINA$gRICA$2UNIMARC 856 4 $uhttp://www.apogeonline.com/libri/00897/allegati/$zcollegamento web 901 $aBK 912 $a990001505810403321 952 $aVI-A-72$b10255$fMAS 952 $aVI E 1054$b39820$fFSPBC 952 $a519.2-ROS-2$b2766$fSC1 952 $a519.2-ROS-2A$b2767$fSC1 952 $a519.2-ROS-2B$b2768$fSC1 952 $a519.2-ROS-2C$b2769$fSC1 952 $a519.2-ROS-2D$b2902$fSC1 952 $a519.2-ROS-2E$b2903$fSC1 952 $a519.2-ROS-2F$b2904$fSC1 952 $a519.2-ROS-2G$b2905$fSC1 952 $a519.2-ROS-2H$b2906$fSC1 952 $a519.2-ROS-2I$b2907$fSC1 952 $a519.2-ROS-2L$b3155$fSC1 952 $a519.2-ROS-2M$b3156$fSC1 952 $aMAI-62-045$b19873$fMA1 952 $aD-60-ROS-01$b20505$fMA1 952 $aD-60-ROS-02$b20506$fMA1 952 $a10 B II 743$bDIEL 3043$fDINEL 952 $a23 01 E 18$b14545$fFINAG 952 $a13 P 23 22$b14546$fFINBC 959 $aMAS 959 $aSC1 959 $aMA1 959 $aDINEL 959 $aFSPBC 959 $aFINAG 959 $aFINBC 962 $a60-01 962 $a62-01 996 $aIntroduction to probability and statistics for engineers and scientists$914493 997 $aUNINA LEADER 01789nam 2200577 a 450 001 9910456231603321 005 20200520144314.0 010 $a1-280-21181-4 010 $a9786610211814 010 $a0-309-56243-0 010 $a0-585-15396-5 035 $a(CKB)110986584751040 035 $a(OCoLC)44964564 035 $a(CaPaEBR)ebrary10068385 035 $a(SSID)ssj0000193416 035 $a(PQKBManifestationID)12074384 035 $a(PQKBTitleCode)TC0000193416 035 $a(PQKBWorkID)10216483 035 $a(PQKB)10247065 035 $a(MiAaPQ)EBC3377152 035 $a(Au-PeEL)EBL3377152 035 $a(CaPaEBR)ebr10068385 035 $a(CaONFJC)MIL21181 035 $a(OCoLC)814277902 035 $a(EXLCZ)99110986584751040 100 $a19930218d1993 uy 0 101 0 $aeng 135 $aurcn||||||||| 181 $ctxt 182 $cc 183 $acr 200 00$aLivestock$b[electronic resource] /$fCommittee on Managing Global Genetic Resources: Agricultural Imperatives, Board on Agriculture, National Research Council 210 $aWashington, D.C. $cNational Academy Press$d1993 215 $a1 online resource (293 p.) 225 1 $aManaging global genetic resources 300 $aBibliographic Level Mode of Issuance: Monograph 311 $a0-309-10378-9 311 $a0-309-04394-8 320 $aIncludes bibliographical references and index. 410 0$aManaging global genetic resources. 606 $aLivestock$xGermplasm resources 608 $aElectronic books. 615 0$aLivestock$xGermplasm resources. 676 $a636.08/21 801 0$bMiAaPQ 801 1$bMiAaPQ 801 2$bMiAaPQ 906 $aBOOK 912 $a9910456231603321 996 $aLivestock$92250271 997 $aUNINA